AA to ZZ Images Quiz Stats

 Plays Quiz Updated Apr 1, 2014

Support Sporcle.
Go Orange.
Score 0/25 Timer 06:00
0 Plays Today
% Correct
raccoon
94.7%
Scrabble
93.2%
beekeeper
93%
hippopotamus
92.6%
lollipop
92.6%
saddle
92.5%
pizza
92.3%
cannon
91.3%
scissors
90.4%
vacuum
89.8%
aardvark
89.5%
hammock
89.5%
kitten
88.8%
% Correct
trigger
85.8%
Hawaii
79.9%
Jamie Foxx
78.2%
fishhook
77%
footstool
75.7%
Buffy the Vampire Slayer
63.4%
ferret
54.2%
glowworm
52.1%
hajj
32.9%
jackknife
31.5%
Omar Khayyam
9.4%
flivver
5.6%

From the Vault

Any NFL Team Besides the Bills

by sathyamc

Sports 2m
You've got 31 others to choose from!
Remove Ads.
Support Sporcle.
Get the best of Sporcle when you Go Orange. This ad-free experience offers more features, more stats, and more fun while also helping to support Sporcle. Thank you for becoming a member.

Show Comments

Extras

Top Quizzes Today


Score Distribution

Your Account Isn't Verified!

In order to create a playlist on Sporcle, you need to verify the email address you used during registration. Go to your Sporcle Settings to finish the process.

Report this User

Report this user for behavior that violates our Community Guidelines.

Details: